000 00550nam a22002177a 4500
003 UA-OsUOA
001 48759
007 ta
008 20070912b un ||||| |||| 00| 0 ukr d
100 _aНікіпєлов В.
090 _a93
_bН-12
942 _cSA
040 _aUA-OsUOA
_bukr
_cUA-OsUOA
_dUA-OsUOA
245 _aСлони Ганнібала. Загадки історії
300 _aС.8
955 _a0
041 _aukr
080 _a93
773 0 _w48758
650 7 _a9 Географія. Біографії. Історія
_2UDC
999 _c334860
_d334860